20 Most Famous Cities in Montenegro on a Map - Statistics

General Stats
  • This quiz has been taken 111 times
  • The average score is 10 of 20
Answers on the Map
Answers color-coded by a green-red scale on the quiz's map according to % correct below.
 
Answer Stats
Wiki Monthly Views Cityquiz Mention Rate Population Answers % Correct
69.61K 25.55% 173.02K Podgorica
97%
45.22K 4.13% 1.36K Kotor
82%
29.57K 2.88% 20.17K Budva
72%
17.06K 3.19% 15.87K Bar
71%
11.84K 1.95% 54.39K Nikšić
62%
16.24K 1.53% 10.26K Herceg Novi
61%
20.04K 1.69% 12.46K Cetinje
59%
12.34K 1.31% 10.89K Tivat
56%
15.91K 1.15% 11.49K Ulcinj
56%
7.44K 0.60% 16.42K Pljevlja
42%
7.06K 0.69% 9.92K Berane
40%
7.00K 0.54% 11.63K Bijelo Polje
40%
4.35K 0.35% 2.44K Kolašin
38%
14.25K 0.23% 0.33K Sveti Stefan
36%
5.18K 0.45% 1.50K Žabljak
36%
4.10K 0.10% 1.45K Petrovac
33%
4.15K 0.33% 4.99K Plav
33%
4.77K 0.30% 10.58K Rožaje
33%
3.75K 0.32% 1.82K Sutomore
30%
7.09K 0.17% 0.35K Perast
27%
No matching quizzes found
Score Distribution
Percent of People with Each Score
Percentile by Number Answered
Your Score History
You have not taken this quiz